000 02256nam a2200409 c 4500
003 BLK
005 20240314005347.0
008 180408b bul|||||r ||||||| ||bul||
010 _aKNG00086687000
020 _a978-954-607-773-8
_bиздат.: ЛИК
040 _aBLK
041 _aBUL
_cBUL
072 7 _2bullib
_aЛ01
_xЗаболявания
080 _aРазстройства на чувствата,инстинктите и влечения - Натрапчиви страхове и идеи(фобии):аерофобия,хидрофобия,клаустрофобия,топофобия,токсикофобия,зоофобия и др.;нарушение за инстинкта за самосъхранение
_b616.89-008.44
_x
_z616.89-008.44
080 _aОсобени духовни състояния и процеси. Медитация
_b159.96
_x
_z159.96
100 1 _aБорн, Едмънд
_eпърви автор
_9300406
700 _aМиланова, Станислава Александрова
_gПреводач от английски и руски език.
_d1967-
_qМиланова-Леонтиева, Станислава Александрова
_9363380
139 _aБорн, Едмънд
_bБ 66
245 1 0 _aДа се справим с тревожността и фобиите
_bНаръчник за терапевти и пациенти
_cЕдмънд Борн; прев. Станислава Миланова.
257 _aUSA
260 София
_bЛИК
_c2008
300 _a508 с.
_bс табл.
_c28 см
380 _a61
500 _aОриг. загл. The Anxiety Phobia workbook / Edmund J. Bourne. - Библиогр. след всяка ч.
650 4 _aПсихични болести - профилактика и лечение
_9243860
650 4 _aПсихопатология
_9168407
653 _aфобии
653 _aпсихични болести
653 _aпсихоанализа
659 _aЛ
852 _aЦб ІІ 15431
856 4 _qpdf
_u
856 4 _qpdf
_u
942 _cKNG
_n0
_03
944 _aCR
_c28.11.2008
_lCRON CRON
_k
944 _aED
_c07.07.2015
_lф /
_kЛюдмила_Стоянова
999 _c82166
_d82166